00369nam a2200145 a 450000100060000000300090000600800410001504000280005608200180008410000180010224500270012026000440014730000100019165000220020111371CO-ViMGA141112s2004 ck r 000 u spa d aCO-ViMGAbspacCO-ViMGA04aCo863.6 M87n21 aMutis, Alvaro10aLa nieve del almirante aSantafé de Bogotá : bNorma, c1992 a149 p14aNOVELA COLOMBIANA